书目信息 |
| 题名: |
古代罗马奴隶起义
|
|
| 作者: | 易水 | |
| 分册: | ||
| 出版信息: | 人民 1973.02 |
|
| 页数: | 55页 | |
| 开本: | ||
| 丛书名: | ||
| 单 册: | ||
| 中图分类: | D1 | |
| 科图分类: | ||
| 主题词: | 国际共产主义运动 | |
| 电子资源: | ||
| ISBN: | ||
| 000 | 00476nam0 2200193 45 | |
| 001 | 0308271006 | |
| 005 | 20030827105651.0 | |
| 010 | @dRMB0.13 | |
| 100 | @a20030827d1973 km y0chiy0120 ea | |
| 101 | @achi | |
| 105 | @a z 000yy | |
| 200 | 1 | @a古代罗马奴隶起义@Agu dai luo ma nu li qi yi@f易水@Fyi shui |
| 210 | @c人民@d1973.02 | |
| 215 | @a55页@c无图表 | |
| 606 | 0 | @a国际共产主义运动 |
| 690 | @aD1@v3 | |
| 701 | 0 | @a易水 |
| 801 | @aCN@b@c20030827 | |
| 905 | @aBZT@dD1@e24 | |
| 古代罗马奴隶起义/易水.-人民,1973.02 |
| 55页:无图表 |
| ISBN :RMB0.13 |
| ● |
| 相关链接 |
|
|
|
正题名:古代罗马奴隶起义
索取号:D1/24
 
预约/预借
| 序号 | 登录号 | 条形码 | 馆藏地/架位号 | 状态 | 备注 |